00547nam a22001577a 450000500170000001000150001702000260003203500140005803700090007208200080008110000170008924500840010626000390019027001400022930000200036920241105122251.0 aENG-142569 c695.00a9788178441559 aEN-126101 bDBAD a000 aB, Siddaramu aSocial Work For UGC NET/ JRF/SLET and Other Competitive Exams /cBy Siddaramu B aNew DelhibK.K. Publicationsc2014 bNew Delhi a4806/24, Bharat Ram Road Darya Ganj, e110002k011-23285167, 011-65185557, 011-64527574l011-47340207mkkpdevinder@vsnl.net a248p.c23cm(Hb)